Nagoya Protocol on Access to Genetic Resources and the Fair and Equitable Sharing of Benefits Arising from Their Utilization (Registro nro. 17638)

Detalles MARC
000 -CABECERA
Campo de control 01074nam a22002417a 4500
005 - FECHA Y HORA DE LA ULTIMA TRANSACCION
Campo de control 20150803163519.0
008 - ELEMENTOS DE LONGITUD FIJA—INFORMACION GENERAL
Campo de control 141015s2013 my l 000 0 eng
020 ## - ISBN
ISBN 9789675412851
040 ## - FUENTE DE CATALOGACIÓN
Agencia catalogadora original DLC
Agencia transcriptora DLC
Agencia Modificadora CO-BoIAVH
041 0# - IDIOMA
Código de idioma para texto/pista de sonido o título separado Inglés
082 04 - NUMERO DE CLASIFICACION DECIMAL DEWEY
Número de clasificación 333.95316
Número del ítem B52n
111 2# - ASIENTO PRINCIPAL--NOMBRE DE REUNION
Nombre de reunión o de jurisdicción como elemento de entrada Berne declaration, Bread for the World, Ecoropa, Tebtebba and Third World Network
Lugar de la reunión Nagoya (Japón)
Fecha de la reunión 2013
9 (RLIN) 36429
245 10 - MENCION DE TITULO
Título Nagoya Protocol on Access to Genetic Resources and the Fair and Equitable Sharing of Benefits Arising from Their Utilization
Parte restante del título Background and Analysis
260 3# - PUBLICACION, DISTRIBUCION, ETC. (PIE DE IMPRENTA)
Lugar de publicación, distribución, etc. Malasia:
Nombre del editor, distribuidor, etc. Jutaprint,
Fecha de publicación, distribución, etc. 2013.
300 ## - DESCRIPCION FISICA
Extensión 155 páginas;
Dimensiones 24 cm
500 ## - NOTA GENERAL
Nota general Incluye anexos.
500 ## - NOTA GENERAL
Nota general Incluye índice de tablas.
505 ## - NOTA DE CONTENIDO
Nota de contenido Cap. 1 Introduction.<br/>Cap. 2 Background.<br/>Cap. 3 Analysis of the Nagoya Protocol.<br/>Cap. 4 Deveploment of effective ABS systems.<br/>Cap. 5 Conclusion.
650 #4 - ASIENTO SECUNDARIO DE MATERIA - TERMINO TEMATICO
Término temático o nombre geográfico como elemento de entrada Recursos genéticos
Subdivisión general Investigación
-- Uso
9 (RLIN) 36430
650 #6 - ASIENTO SECUNDARIO DE MATERIA - TERMINO TEMATICO
Término temático o nombre geográfico como elemento de entrada Plantas
Subdivisión general Investigación
-- Conservación
9 (RLIN) 36431
650 #0 - ASIENTO SECUNDARIO DE MATERIA - TERMINO TEMATICO
Término temático o nombre geográfico como elemento de entrada Biotecnología
Subdivisión general Investigación
9 (RLIN) 36432
942 ## - ELEMENTOS ADICIONALES (KOHA)
Sistema de clasificación Dewey Decimal Classification
Tipo de ítem Libro
Existencias
Withdrawn status Lost status Sistema de Clasificación Damaged status No para préstamo Colección Inventariado Ubicación Permanente Ubicación actual Fecha de adquisición Fuente de Valor Valor Total Checkouts Número topográfico Inventario / Código de Barras Date last seen Ejemplar Price effective from Forma de adquisición Tipo de material
    Dewey Decimal Classification     General Inventariado 2017 Bogotá Bogotá 16/09/2015 Instituto 39000.00   LB-333.95316 B52n 038878 16/09/2015 Ej. 1 16/09/2015   Libro